Statistics for Biggest European Countries by Area

Click here to take the quiz!

General Stats

  • This quiz has been taken 37 times
  • The average score is 14 of 15

Answer Stats

AreaAnswer% Correct
312,685 km²Poland
100%
3,972,400 km²Russia
100%
603,628 km²Ukraine
100%
242, 495 km²United Kingdom
100%
338,145 km²Finland
97%
357,386 km²Germany
97%
301,338 km²Italy
97%
385,178 km²Norway
97%
238,397 km²Romania
97%
450,295 km²Sweden
97%
207,600 km²Belarus
94%
110,994 km²Bulgaria
94%
551,695 km²France
94%
131,940 km²Greece
91%
498,468 km²Spain
91%

Score Distribution

Percentile by Number Answered

Percent of People with Each Score

Your Score History

You have not taken this quiz